000 00408nam a2200157Ia 4500
008 210716s2016 xx 000 0 und d
020 _a9789351197713
041 _aeng
082 _a658.4012 PITV
100 _aPithadia, Vijay H.
245 _aStrategic management and business policy.
250 _a1
260 _aNew Delhi
_bBiztantra
_c2016
300 _axxviii,264
650 _aStrategic Management
999 _c209974
_d209974